| 000 | 00511nam a2200169Ia 4500 | ||
|---|---|---|---|
| 008 | 240729s9999 xx 000 0 und d | ||
| 022 | _a2582-3744 | ||
| 245 | 0 | _aPlants and Environment | |
| 260 | _aIndia | ||
| 260 | _bPlant and Environmental Research Institute (PERI) | ||
| 650 | _a Environmental sciences | ||
| 650 | _a Plant culture | Geography. Anthropology. Recreation | ||
| 650 | _aAgriculture | ||
| 856 | _uhttps://doaj.org/toc/9196adab831e4fc5b89a61e00bf01321 | ||
| 942 | _2ddc | ||
| 942 | _cDOAJEJ | ||
| 999 |
_c72224 _d72224 |
||
| 945 |
_a1 _bMadushi Gamage _c1 _dMadushi Gamage |
||